| 000 | 01728nam0a2200385 4500 | ||
|---|---|---|---|
| 001 | RU\NLR\bibl\1489261 | ||
| 005 | 20260406060207.0 | ||
| 010 |
_a978-5-91697-007-4 _91500 |
||
| 021 |
_aRU _b2010-5410 _9340 |
||
| 035 | _a(nilc)RSL-KNO-004578697 | ||
| 035 | _a(NLR Aleph) 001480845 | ||
| 090 |
_a1702486 _c1702486 |
||
| 100 | _a20100205d2009 |||y0rusy50 ca | ||
| 101 | 1 |
_arus _agre _cgre |
|
| 102 | _aRU | ||
| 105 | _ay ||||||||| | ||
| 200 | 1 |
_aПреподобный Андрей, Христа ради юродивый _eперевод с 19-го греческого издания _f[писатель жития Никифор, пресвитер храма Св. Софии _gпер. с новогреческого игумена Илии (Жукова)] |
|
| 210 |
_aМосква _cПИК "Гармония" _d2009 |
||
| 215 |
_a185, [1] с. _d21 |
||
| 225 | 1 | _aВселенское православие | |
| 600 | 0 |
_aАндрей Юродивый _f? - 936 _91580137 _3RU\NLR\auth\66992575 |
|
| 686 |
_aЭ372.24-574.8Андрей Юродивый,0 _2rubbk |
||
| 686 | _aЭ372.21-574.8 | ||
| 700 | 0 |
_4070 _8rus _7ca _aНикифор _cсвященнослужитель _3RU\NLR\AUTH\7795204 _978130 |
|
| 702 | 0 |
_4730 _8rus _7ca _aИлия _cЖуков _cигумен _3RU\NLR\AUTH\779755 _9119565 |
|
| 702 | 0 |
_4570 _8rus _7ca _aАндрей Юродивый _cсвятой _fок.5 в. _3RU\NLR\AUTH\7710462 _9120234 |
|
| 712 | 0 | 2 |
_aМонастырь Параклиту _cОропос Аттикис |
| 801 | 0 |
_aRU _bРГБ _c20100205 _grcr |
|
| 801 | 1 |
_aRU _bРГБ _c20100205 |
|
| 801 | 2 |
_aRU _bNLR _c20100323 _grcr |
|
| 942 | _cBOOK | ||
| 980 | _aNB | ||